English Royal Houses Quiz Stats

 Plays Quiz Updated Oct 14, 2018

Support Sporcle.
Go Orange.
Score 0/10 Timer 02:00
11 Plays Today
Years House % Correct
1485-1603House of Tudor
93%
1917-presentHouse of Windsor
88.4%
1603-1714House of Stuart
76.4%
1471-1485**House of York
62.2%
1399-1471*House of Lancaster
57.9%
1066-1154House of Normandy
57%
1714-1901House of Hanover
55.3%
1216-1399House of Plantagenet
46.7%
1901-1917House of Saxe-Coburg-Gotha
31.6%
1154-1216House of Angevin
26.6%

You're not logged in!

Compare scores with friends on all Sporcle quizzes.
OR
Log In

From the Vault

'BUT' in Words

by slipkid

Give this a play. There are no ifs, ands, or buts about it.
Remove Ads.
Support Sporcle.
Get the best of Sporcle when you Go Orange. This ad-free experience offers more features, more stats, and more fun while also helping to support Sporcle. Thank you for becoming a member.

Show Comments

Extras

Top Quizzes Today


Score Distribution

Your Account Isn't Verified!

In order to create a playlist on Sporcle, you need to verify the email address you used during registration. Go to your Sporcle Settings to finish the process.

Report this User

Report this user for behavior that violates our Community Guidelines.

Details: